Normal view
MARC view
Entry Topical Term
001 - CONTROL NUMBER
- control field: 15149
003 - CONTROL NUMBER IDENTIFIER
- control field: OSt
005 - DATE AND TIME OF LATEST TRANSACTION
- control field: 20211026113228.0
008 - FIXED-LENGTH DATA ELEMENTS
- fixed length control field: 211026|| aca||aabn | a|a d
040 ## - CATALOGING SOURCE
- Original cataloging agency: OSt
- Transcribing agency: OSt
150 ## - HEADING--TOPICAL TERM
- Topical term or geographic name entry element: Information Communication Technology.
670 ## - SOURCE DATA FOUND
- Source citation: Work cat.: (OSt): Deitel,Paul; Deitel,Harvey; Deitel,Abbey; 15148, Internet & World Wide Web., 2018.
